000 00520nam a2200229Ia 4500
003 OSt
005 20220924134548.0
006 a|||||r|||| 00| 0
007 ta
008 ASM
024 _a277423
037 _cTextual
040 _aARTS
_cARTS
_bASM
041 _2ASM
_aASM
082 _aP158,6, 111M0
100 _aBaruah
_9208705
245 0 _aIntensive caurse in Assames
260 _c1980
650 _aLINGUISTICS
942 _hP158,6, 111M0
_cTEXL
_2CC
999 _c437813
_d437813